<?xml version="1.0" encoding="UTF-8"?>
<record
    xmlns:xsi="http://www.w3.org/2001/XMLSchema-instance"
    xsi:schemaLocation="http://www.loc.gov/MARC21/slim http://www.loc.gov/standards/marcxml/schema/MARC21slim.xsd"
    xmlns="http://www.loc.gov/MARC21/slim">

  <leader>00755na  a2200205   4500</leader>
  <controlfield tag="001">23679</controlfield>
  <controlfield tag="003">MIRAKIL</controlfield>
  <controlfield tag="005">20181213155258.0</controlfield>
  <controlfield tag="008">180103b        tu            000 0      </controlfield>
  <datafield tag="040" ind1=" " ind2=" ">
    <subfield code="a">Milas</subfield>
    <subfield code="b">tur</subfield>
    <subfield code="c">TR-AnCHP</subfield>
  </datafield>
  <datafield tag="041" ind1=" " ind2=" ">
    <subfield code="a">tur</subfield>
  </datafield>
  <datafield tag="082" ind1=" " ind2=" ">
    <subfield code="a">305.4</subfield>
    <subfield code="b">G26 1994</subfield>
  </datafield>
  <datafield tag="090" ind1=" " ind2=" ">
    <subfield code="a">305.4 G26 1994</subfield>
  </datafield>
  <datafield tag="245" ind1=" " ind2=" ">
    <subfield code="a">GAP b&#xF6;lgesinde kad&#x131;n&#x131;n stat&#xFC;s&#xFC; ve kalk&#x131;nma s&#xFC;recine entegrasyonu ara&#x15F;t&#x131;rmas&#x131; y&#xF6;neticiler i&#xE7;in &#xF6;zet</subfield>
    <subfield code="c">Ba&#x15F;bakanl&#x131;k GAP B&#xF6;lge Kalk&#x131;nma &#x130;daresi Ba&#x15F;kanl&#x131;&#x11F;&#x131; ; proje y&#xF6;neticisi Ahmet Salt&#x131;k</subfield>
  </datafield>
  <datafield tag="260" ind1=" " ind2=" ">
    <subfield code="a">Ankara</subfield>
    <subfield code="b">Ba&#x15F;bakanl&#x131;k GAP B&#xF6;lge Kalk&#x131;nma &#x130;daresi Ba&#x15F;kanl&#x131;&#x11F;&#x131;</subfield>
    <subfield code="c">1994.</subfield>
  </datafield>
  <datafield tag="300" ind1=" " ind2=" ">
    <subfield code="a">41 s.</subfield>
    <subfield code="b">tbl. , &#x15F;kl.</subfield>
    <subfield code="c">28 sm.</subfield>
  </datafield>
  <datafield tag="650" ind1=" " ind2=" ">
    <subfield code="a">Kad&#x131;nlar</subfield>
    <subfield code="x">T&#xFC;rkiye</subfield>
    <subfield code="z">GAP B&#xF6;lgesi</subfield>
  </datafield>
  <datafield tag="700" ind1=" " ind2=" ">
    <subfield code="a">Salt&#x131;k, Ahmet</subfield>
  </datafield>
  <datafield tag="942" ind1=" " ind2=" ">
    <subfield code="2">ddc</subfield>
    <subfield code="c">BKS</subfield>
  </datafield>
  <datafield tag="952" ind1=" " ind2=" ">
    <subfield code="a">0001</subfield>
    <subfield code="b">0001</subfield>
    <subfield code="d">2017-12-04</subfield>
    <subfield code="e">2</subfield>
    <subfield code="l">0</subfield>
    <subfield code="o">305.4 G26 1994</subfield>
    <subfield code="p">017673</subfield>
    <subfield code="r">2017-12-04 00:00:00</subfield>
    <subfield code="v">0.00</subfield>
    <subfield code="w">2017-12-04</subfield>
    <subfield code="y">BKS</subfield>
  </datafield>
  <datafield tag="999" ind1=" " ind2=" ">
    <subfield code="c">9835</subfield>
    <subfield code="d">9835</subfield>
  </datafield>
</record>
